Correspondance entre Schiller et Goethe (Record no. 175897)

MARC details
000 -LEADER
campo de control de longitud fija 01181nam a2200313 i 4500
001 - NÚMERO DE CONTROL
campo de control 175897
003 - IDENTIFICADOR DE NÚMERO DE CONTROL
campo de control ES-MaACL
005 - FECHA Y HORA DE LA ÚLTIMA TRANSACCIÓN
campo de control 20250313063306.0
007 - CAMPO FIJO DE DESCRIPCIÓN FÍSICA--INFORMACIÓN GENERAL
campo de control de longitud fija t|
008 - DATOS DE LONGITUD FIJA--INFORMACIÓN GENERAL
campo de control de longitud fija 101129s1923 fr ||||1| fre d
080 ## - NÚMERO DE LA CLASIFICACIÓN DECIMAL UNIVERSAL
Número de la Clasificación Decimal Universal 929 Schiller, Johann Christoph Friedrich
080 ## - NÚMERO DE LA CLASIFICACIÓN DECIMAL UNIVERSAL
Número de la Clasificación Decimal Universal 929 Goethe, Johann Wolfgang
100 1# - ENTRADA PRINCIPAL--NOMBRE DE PERSONA
Nombre de persona Schiller, Friedrich,
Fechas asociadas al nombre 1759-1805
9 (RLIN) 104361
245 10 - MENCIÓN DEL TÍTULO
Título Correspondance entre Schiller et Goethe
Resto del título : 1794-1805 /
Mención de responsabilidad, etc. traduite d'après l'édition définitive allemande et précédée d'une introduction par Lucien Herr.
260 ## - PUBLICACIÓN, DISTRIBUCIÓN, ETC.
Lugar de publicación, distribución, etc. Paris :
Nombre del editor, distribuidor, etc. Plon,
Fecha de publicación, distribución, etc. 1923.
300 ## - DESCRIPCIÓN FÍSICA
Extensión XXXIII, 302 p. , [1] h. ;
Dimensiones 19 cm.
490 1# - MENCIÓN DE SERIE
Mención de serie Collection d'auteurs étrangers
546 ## - NOTA DE IDIOMA
Nota de lengua/lenguaje Texto en francés.
600 17 - PUNTO DE ACCESO ADICIONAL DE MATERIA--NOMBRE DE PERSONA
Nombre de persona Schiller, Friedrich,
Fechas asociadas al nombre 1759-1805
Subdivisión de forma Correspondencia
Fuente del encabezamiento o término
9 (RLIN) 144111
600 17 - PUNTO DE ACCESO ADICIONAL DE MATERIA--NOMBRE DE PERSONA
Nombre de persona Goethe, Johann Wolfgang von,
Fechas asociadas al nombre 1749-1832-
Subdivisión de forma Correspondencia
9 (RLIN) 144103
655 #0 - TERMINO DE INDIZACIÓN--GENERO/FORMA
9 (RLIN) 235124
Datos o término principal de género/forma Cartas
700 1# - ENTRADA AGREGADA--NOMBRE PERSONAL
Nombre de persona Herr, Lucien.
9 (RLIN) 63135
700 1# - ENTRADA AGREGADA--NOMBRE PERSONAL
Nombre de persona Laroche, F.
9 (RLIN) 144110
700 1# - ENTRADA AGREGADA--NOMBRE PERSONAL
Nombre de persona Goethe, Johann Wolfgang von,
Fechas asociadas al nombre 1749-1832
9 (RLIN) 57568
830 0# - PUNTO DE ACCESO ADICIONAL DE SERIE-TÍTULO UNIFORME
Título uniforme Collection d'auteurs étrangers
9 (RLIN) 183465
852 ## - LOCALIZACIÓN
Ubicación ES-MaACL
Número de control de estantería E-13715
942 ## - ELEMENTOS DE ENTRADA SECUNDARIOS (KOHA)
Fuente del sistema de clasificación o colocación Clasificación decimal universal
Holdings
Estatus retirado Estado de pérdida Estado de daño No para préstamo Biblioteca de origen Biblioteca actual Ubicación en estantería Fecha de adquisición Fuente de adquisición Total de préstamos Signatura topográfica completa Código de barras Visto por última vez Precio de reemplazo Tipo de ítem Koha
        Biblioteca del Ateneo de Madrid Biblioteca del Ateneo de Madrid Depósito 2 29/11/2010     E-13715 1184713 23/02/2023 23/02/2023 Libro impreso